000 00538 a2200193 4500
001 60056
005 20260407155852.0
008 260407a1954 arg spa d
003 AR-UNSa-BCEJYS
040 _aAR-UNSa-BCEJYS
_bspa
_cAR-UNSa-BCEJYS
080 _a342
_xDerecho constitucional (Derecho Público)
245 1 0 _aDerecho constitucional argentino
264 1 _aBuenos Aires :
_bPerrot
_c1954
300 _a619 p.
_c23 cm.
041 _aspa
942 _cBK
590 _aniveau_biblio:m niveau_hierar:0
100 1 _aCasiello, Juan
999 _c6872
_d6872